Universidades de Colombia - Estadísticas

Estadísticas generales
  • Esta prueba ha sido intentada 22 veces
  • La puntuación promedio es 38 de 98
Estadísticas de respuestas
Universidad % Correcto
Universidad Nacional de Colombia
100%
Pontificia Universidad Javeriana
94%
Universidad de los Andes
88%
Universidad de Antioquia
76%
Universidad del Rosario
76%
Universidad Sergio Arboleda
76%
Universidad de Cartagena
71%
Universidad Externado de Colombia
71%
Universidad Tecnológica de Bolívar
71%
Universidad CES
65%
Universidad de Caldas
65%
Universidad de Córdoba
65%
Universidad de la Costa
65%
Universidad de la Sabana
65%
Universidad del Tolima
65%
Universidad del Valle
65%
Universidad de Manizales
65%
Universidad de Nariño
65%
Universidad de Sucre
65%
Universidad del Cauca
59%
Universidad del Magdalena
59%
Universidad del Norte
59%
Universidad de Medellín
59%
Universidad de Santander
59%
Universidad Distrital Francisco José de Caldas
59%
Universidad EAFIT
59%
Universidad EAN
59%
Universidad Santiago de Cali
59%
Universidad de Boyacá
53%
Universidad del Quindío
53%
Universidad El Bosque
53%
Universidad Libre
53%
Universidad Tecnológica de Pereira
53%
Corporación Universitaria Minuto de Dios
47%
Universidad Antonio Nariño
47%
Universidad Cooperativa de Colombia
47%
Universidad de La Guajira
47%
Universidad del Atlántico
47%
Universidad de San Buenaventura
47%
Universidad Industrial de Santander
47%
Universidad Pedagógica Nacional
47%
Colegio de Estudios Superiores de Administración
41%
Escuela Colombiana de Ingeniería Julio Garavito
41%
Institución Universitaria de Barranquilla
41%
Universidad Católica de Colombia
41%
Universidad Colegio Mayor de Cundinamarca
41%
Universidad Pontificia Bolivariana
41%
Universidad Santo Tomás
41%
Fundación Universitaria del Área Andina
35%
Universidad Autónoma de Bucaramanga
35%
Universidad de Bogotá Jorge Tadeo Lozano
35%
Universidad de Ciencias Aplicadas y Ambientales
35%
Universidad de Ibagué
35%
Universidad de La Salle
35%
Universidad del Sinú
35%
Universidad Manuela Beltrán
35%
Fundación Universitaria Konrad Lorenz
29%
Universidad Central
29%
Universidad de Pamplona
29%
Universidad ECCI
29%
Universidad Francisco de Paula Santander
29%
Universidad Simón Bolívar
29%
Corporación Universidad Piloto de Colombia
24%
Fundación Universitaria de Ciencias de la Salud
24%
Fundación Universitaria Los Libertadores
24%
Universidad de los Llanos
24%
Universidad ICESI
24%
Universidad Militar Nueva Granada
24%
Corporación Universitaria Iberoamericana
18%
Fundación Universitaria Juan N Corpas
18%
Instituto Tecnológico Metropolitano
18%
Universidad Autónoma de Manizales
18%
Universidad EIA
18%
Universidad Mariana
18%
Universidad Nacional Abierta y a Distancia
18%
Universidad Pedagógica y Tecnológica de Colombia
18%
Universidad Surcolombiana
18%
Corporación Universitaria Comfacauca
12%
Escuela Militar de Cadetes General José María Córdova
12%
Escuela Superior de Administración Pública
12%
Institución Universitaria Colegio Mayor de Antioquia
12%
Institución Universitaria de Envigado
12%
Institución Universitaria Pascual Bravo
12%
Institución Universitaria Tecnológico de Antioquia
12%
Politécnico Colombiano Jaime Isaza Cadavid
12%
Universidad Autónoma de Occidente
12%
Universidad Católica de Manizales
12%
Conservatorio del Tolima
6%
Escuela de Formación de Infantería de Marina
6%
Escuela de Suboficiales de la Fuerza Aérea Colombiana Andrés M Díaz
6%
Escuela Militar de Aviación Marco Fidel Suárez
6%
Escuela Naval de Cadetes Almirante Padilla
6%
Escuela Naval de Suboficiales ARC Barranquilla
6%
Fundación Universitaria CEIPA
6%
Fundación Universitaria Tecnológica Antonio de Arévalo
6%
Universidad Autónoma Latinoamericana
6%
Universidad Católica de Oriente
6%
Universidad Dirección Nacional de Escuelas y Educación Policial
6%
No se encontraron pruebas coincidentes
Distribución de puntuación
Porcentaje de gente con cada puntuación
Porcentaje por número respondido
Historial de tus puntuaciones
No has intentado esta prueba.